00904nam a2200241Ia 4500003000400000005001700004008004100021020001800062040001800080041000800098082002100106100003000127245011600157250001200273260003400285300002700319650003000346650003700376650002500413942003100438999001900469952017400488OSt20260227113914.0210716s2010 xx 000 0 und d a9788131761106 cAIMIT LIBRARY aeng a374.22 22bTEMR aTemplar, Richard.9257061 aRules of life : bpersonal code for living a better happier more successful kind of life /cBy Richard Templar. a2nd ed. aNew Delhi :bPearson ,c2010. axvi,221p. ;bPBc22 cm aPartnership rules9257062 aFamily and friends rules9257063 aSocial rules9257064 2ddccBKe2 ndk374.22 TEMR c192998d192998 00102ddc40708MCAaAIMITbAIMITeHigginbothams Pvt Ltdg275.00iBill no:151; Bill dt:2012-11-16l0o374.22 TEMRpMCA12506r2026-05-23 00:00:00v206.25w2021-07-16yBK